Catálogo

DERECHO PROCESAL CIVIL (Registro nro. 6572)

Detalles MARC
000 -LEADER
fixed length control field 00484nam a2200193 a 4500
001 - CONTROL NUMBER
control field 6572
005 - DATE AND TIME OF LATEST TRANSACTION
control field 20180713190437.0
008 - FIXED-LENGTH DATA ELEMENTS--GENERAL INFORMATION
fixed length control field 140415s1992 000 0 spa d
020 ## - INTERNATIONAL STANDARD BOOK NUMBER
International Standard Book Number 9686356991
041 ## - LANGUAGE CODE
Language code of text/sound track or separate title spa
082 ## - DEWEY DECIMAL CLASSIFICATION NUMBER
Classification number 346
Item number OVA
100 1# - MAIN ENTRY--PERSONAL NAME
Personal name Ovalle Favela, José,.
245 10 - TITLE STATEMENT
Title DERECHO PROCESAL CIVIL
250 ## - EDITION STATEMENT
Edition statement 5a ed.
260 ## - PUBLICATION, DISTRIBUTION, ETC.
Place of publication, distribution, etc. [s.l.] :
Name of publisher, distributor, etc. HARLA,
Date of publication, distribution, etc. 1992
300 ## - PHYSICAL DESCRIPTION
Extent 459
490 ## - SERIES STATEMENT
Series statement TEXTOS JURIDICOS UNIVERSITARIOS
650 14 - SUBJECT ADDED ENTRY--TOPICAL TERM
Topical term or geographic name entry element DERECHO CIVIL
Existencias
Withdrawn status Lost status Source of classification or shelving scheme Damaged status Not for loan Collection code Home library Current library Shelving location Date acquired Source of acquisition Inventory number Total Checkouts Total Renewals Full call number Barcode Date last seen Date last checked out Price effective from Koha item type
    Dewey Decimal Classification     General Biblioteca Karol Wojtyla Biblioteca Karol Wojtyla Sala general 03/12/2013 Compra 151000000000000000046150 1 1 346 OVA 53000 05/01/2026 21/02/2020 03/12/2013 Libro
    Dewey Decimal Classification     General Biblioteca Karol Wojtyla Biblioteca Karol Wojtyla Sala general 03/12/2013 Compra 151000000000000000046149     346 OVA 34763 05/01/2026 01/12/2016 03/12/2013 Libro
  No inventariado Dewey Decimal Classification       Biblioteca Karol Wojtyla Biblioteca Karol Wojtyla   03/12/2013 Compra       346 OVA 19115     03/12/2013 Libro
  No inventariado Dewey Decimal Classification       Biblioteca Karol Wojtyla Biblioteca Karol Wojtyla   03/12/2013 Compra       346 OVA 20216     03/12/2013 Libro